| 000 | 01067nas a2200337 4500 | ||
|---|---|---|---|
| 001 | BR2016002267 | ||
| 003 | BR-BrBNA | ||
| 005 | 20231205130349.0 | ||
| 007 | ta | ||
| 008 | 230509b bl.|||p| |||| 00| 00por d | ||
| 040 |
_aBR-BrBNA _bpor _cBiblioteca Nacional de Agricultura |
||
| 041 | _a(En) | ||
| 072 | _aL73 | ||
| 100 | 1 | _aMartins, I.V.F. | |
| 100 | 1 | _aAvelar, B.R. de | |
| 100 | 1 | _aBernardo, C. das C. | |
| 100 | 1 | _aLeão, A.C. de | |
| 100 | 1 | _aSalim, M.J. | |
| 245 | 1 | _aDistribution of bovine fasciolosis and associated factors in south Espírito Santo, Brazil: an update | |
| 650 | _aBOVINO | ||
| 650 | _aDOENCA ANIMAL | ||
| 650 | _aFASCIOLOSE | ||
| 650 | _aFASCIOLA | ||
| 650 | _aEPIDEMIOLOGIA | ||
| 650 | _aMOLUSCO | ||
| 650 | _aANALISE COMPARATIVA | ||
| 773 | 0 |
_tBrazilian Journal of Veterinary Parasitology (Brazil) _xISSN 1984-2961 _g(Jan-Mar 2014), v. 23(1) p. 23-29 _wBR2016002267 |
|
| 856 | 4 | 0 | _uhttp://www.scielo.br/pdf/rbpv/v23n1/0103-846x-rbpv-23-01-23.pdf |
| 909 |
_a202311 _bLúcia _c55 _dLúcia Elande |
||
| 942 |
_2AGRIS _n0 _cANA |
||
| 999 |
_c249056 _d249056 |
||